Central Library OPAC University of Rajshahi

The long good-bye / (Record no. 79797)

MARC details
000 -LEADER
fixed length control field 01103nam a2200313 a 4500
001 - CONTROL NUMBER
control field 79797
003 - CONTROL NUMBER IDENTIFIER
rucl marc code BD-RjUL
005 - DATE AND TIME OF LATEST TRANSACTION
control field 20220512163127.0
008 - FIXED-LENGTH DATA ELEMENTS--GENERAL INFORMATION
fixed length control field 220512r19611959enk o 000 1 eng d
035 ## - SYSTEM CONTROL NUMBER
System control number (BD-RjUL)79797
040 ## - CATALOGING SOURCE
Original cataloging agency TEFOD
Language of cataloging eng
Transcribing agency TEFOD
Modifying agency OCLCQ
-- BD-RjUL
041 ## - LANGUAGE CODE
Language code of text/sound track or separate title eng
082 04 - DEWEY DECIMAL CLASSIFICATION NUMBER
Edition number 23
Classification number 813.52
Author mark and year CHL 1961
100 1# - MAIN ENTRY--PERSONAL NAME
Personal name Chandler, Raymond,
Dates associated with a name 1888-1959.
9 (RLIN) 3000
245 14 - TITLE STATEMENT
Title The long good-bye /
Statement of responsibility, etc. Raymond Chandler.
260 ## - PUBLICATION, DISTRIBUTION, ETC. (IMPRINT)
Place of publication, distribution, etc. London :
Name of publisher, distributor, etc. Penguin in association with Hamish Hamilton,
Date of publication, distribution, etc. 1959, ©1953 [reprinted 1961]
300 ## - PHYSICAL DESCRIPTION
Pagination 319 pages;
Size 19 cm.
500 ## - GENERAL NOTE
General note Originally published: London: Hamish Hamilton, 1953.
General note Academic
600 10 - SUBJECT ADDED ENTRY--PERSONAL NAME
Personal name Marlowe, Philip
Titles and other words associated with a name (Fictitious character)
Personal name Marlowe, Philip
Titles and other words associated with a name (Fictitious character)
650 #0 - SUBJECT ADDED ENTRY--TOPICAL TERM
Topical term or geographic name as entry element Private investigators
Geographic subdivision California
-- Los Angeles
Form subdivision Fiction.
9 (RLIN) 3002
Topical term or geographic name as entry element Private investigators.
Source of heading or term fast
9 (RLIN) 3003
Topical term or geographic name as entry element American fiction
9 (RLIN) 3004
651 #7 - SUBJECT ADDED ENTRY--GEOGRAPHIC NAME
Geographic name California
Geographic subdivision Los Angeles.
Source of heading or term fast
9 (RLIN) 3005
942 ## - ADDED ENTRY ELEMENTS (KOHA)
Source of classification or shelving scheme Dewey Decimal Classification
Koha item type Books
Holdings
Lost status Source of classification or shelving scheme Damaged status Not for loan Collection code Permanent Location Current Location Shelving location Date acquired Source of acquisition Total Checkouts Full call number Date last seen Copy number Koha item type
  Dewey Decimal Classification   Not For Loan Fiction Central Library, University of Rajshahi Central Library, University of Rajshahi Reading Room 19/02/1965 Zeitlinger   813.52 CHL 1961 12/05/2022 C-1 Books